书目信息 |
| 题名: |
走进博物馆
|
|
| 作者: | ;鲁炜 主编 ;北京市文物局 , 首都博物馆联盟 编 | |
| 分册: | ||
| 出版信息: | 北京 北京出版社 2013 |
|
| 页数: | 175页 | |
| 开本: | 21cm | |
| 丛书名: | ||
| 单 册: | ||
| 中图分类: | G269.271 | |
| 科图分类: | ||
| 主题词: | 博物馆--介绍--北京 | |
| 电子资源: | ||
| ISBN: | 978-7-200-09558-6 | |
| 000 | 00884nam0 2200253 450 | |
| 001 | 337790 | |
| 005 | 20150529084542.70 | |
| 010 | @a978-7-200-09558-6@dCNY28.00 | |
| 100 | @a20141101d2013 em y0chiy50 ea | |
| 101 | 0 | @achi |
| 102 | @aCN@b110000 | |
| 105 | @aa z 001yy | |
| 106 | @ar | |
| 200 | 1 | @a走进博物馆@Azou jin bo wu guan@e北京地区博物馆大全@f北京市文物局, 首都博物馆联盟编 |
| 210 | @a北京@c北京出版社@d2013 | |
| 215 | @a175页@c图, 照片@d21cm | |
| 330 | @a本书全面、系统、科学地反映了北京地区博物馆文化, 展现各个博物馆资源及特色, 介绍展陈项目及内容, 评述博物馆特色、典藏珍品及相关知识。 | |
| 606 | 0 | @a博物馆@x介绍@y北京 |
| 690 | @aG269.271@v5 | |
| 702 | 0 | @a鲁炜@Alu wei@4主编 |
| 711 | 02 | @a北京市文物局@Abei jing shi wen wu ju@4编 |
| 711 | 02 | @a首都博物馆联盟@Ashou du bo wu guan lian meng@4编 |
| 801 | 0 | @aCN@b卓展宏图@c20150525 |
| 905 | @dG269.271@e21@f5 | |
| 走进博物馆:北京地区博物馆大全/北京市文物局, 首都博物馆联盟编.-北京:北京出版社,2013 |
| 175页:图, 照片;21cm |
| ISBN 978-7-200-09558-6:CNY28.00 |
| 本书全面、系统、科学地反映了北京地区博物馆文化, 展现各个博物馆资源及特色, 介绍展陈项目及内容, 评述博物馆特色、典藏珍品及相关知识。 |
| ● |
| 相关链接 |
|
|
|
|
正题名:走进博物馆
索取号:G269.271/21
 
预约/预借
| 序号 | 登录号 | 条形码 | 馆藏地/架位号 | 状态 | 备注 |
| 1 | 856142 | 208561420 | 第一样本阅览室/ [索取号:G269.271/21] | 在馆 | |
| 2 | 856143 | 208561439 | 第四借阅区/ [索取号:G269.271/21] | 在馆 | |
| 3 | 856144 | 208561448 | 第四借阅区/ [索取号:G269.271/21] | 在馆 | |
| 4 | 856145 | 208561457 | 教育系资料室/ [索取号:G269.271/21] | 在馆 | |
| 5 | 856146 | 208561466 | 教育系资料室/ [索取号:G269.271/21] | 在馆 |